Česko-slovenský obchod. Nezanedbatelný faktor ekonomické stability.

Rozhovor o hospodárskych výsledkoch bývalej ČSFR v r. 1992. Charakteristické črty ekonomického vývoja ČR. Vývoj v hlavných odvetviach českej ekonomiky - v priemysle a stavebníctve. Pokles rastlinnej a živočíšnej výroby v poľnohospodárskom odvetví. Reálna hodnota príjmov, spotreby a miezd obyvateľstv...

ver descrição completa

Na minha lista:
Detalhes bibliográficos
Autor principal: Šatavová, I.
Formato: Capítulo de Livro
Idioma:tcheco
Assuntos:
Tags: Adicionar Tag
Sem tags, seja o primeiro a adicionar uma tag!

MARC

LEADER 00000naa a2200000 4500
001 r012311
005 20220826094630.0
041 0 |a cze 
044 |a CZ 
245 1 0 |a Česko-slovenský obchod.  |b Nezanedbatelný faktor ekonomické stability.  |c I. Šatavová 
520 |a Rozhovor o hospodárskych výsledkoch bývalej ČSFR v r. 1992. Charakteristické črty ekonomického vývoja ČR. Vývoj v hlavných odvetviach českej ekonomiky - v priemysle a stavebníctve. Pokles rastlinnej a živočíšnej výroby v poľnohospodárskom odvetví. Reálna hodnota príjmov, spotreby a miezd obyvateľstva. Priebeh obchodnej výmeny tovaru medzi ČR a SR v r. 1991-1992. 
610 2 0 |a vývoj hospodársky 
610 2 0 |a ČSFR 
610 2 0 |a Čechy 
610 2 0 |a priemysel 
610 2 0 |a stavebníctvo 
610 2 0 |a výroba poľnohospodárska 
610 2 0 |a obchod vnútorný 
610 2 0 |a Slovensko 
610 2 0 |a 1991-1992 
100 1 |a Šatavová, I.